01841nam a2200301 a 4500001001000000005001700010008004100027041000800068044000700076084002000083100004500103245011500148250000600263260004200269300002200311440003700333500027700370500012700647500034800774500011901122500001101241650005201252650005601304650003401360650004601394700004901440740005001489BRCA_267520190320203923.0021208s1884----sp-a---###---#000-0dspa-u aspa asp a201b.A44c18841 aCervantes Saavedra, Miguel ded1547-161610aEl Ingenioso Hidalgo Don Quijote de la Manchabseguido de ´El Buscapié´cpor Miguel de Cervantes Saavedra. a3 aBarcelonabJuan Aleu y Fugarullc1884 a2 v.bil.c21 cm. 0aBiblioteca : Amena e instructiva aContenido : v 1. Primera parte. Retrato de Cervantes. Advertencia del editor. Dedicatoria del autor. Apuntes sobre la vida de Cervantes. Prólogo del autor. Versos preliminares. Texto. -- v 2. Segunda parte. Dedicatoria del autor. Prólgo del autor. El Buscapié. Texto aEdición : Tercera edición ilustrada con gran número de grabados y reproducidos de cuadros de autores contempodraneso a Tercera edición de la publicada en 1882 por el mismo editor, aumentada con El Buscapié y algunas láminas. Restituye el escudo de la primera edición y contiene la reproducción gráfica del conocido busto de Cervantes cincelado por Rosendo Nobas. Tela, lomeras y tapas ricamente decoradas con adornos en rojo y negro Lúdovik Osterc aEstado físico : El volúmen de esta edición presenta la encuadernación se encuentra ligeramente desprendida aQM152914aNovela españolayÉpoca clásica, 1500-170014aLiteratura españolayÉpoca clásica, 1500-170014aNovela españolaySiglo XVII14aDon Quijote (Personaje ficiticio)eNovela1 aOchoa y Montel, Eugeniod1815-1872eAnotador0 aEl Ingenioso Hidalgo Don Quijote de la Mancha